00519 2200205 4500001002100000005001800021008004100039020001800080035002400098040001200122090001400134100001200148245002500160250001100185260004200196300002000238650002200258850001200280990002100292YOGYA-0211000000311220110208093811601 ind  a979-655-226-4 0010-021100000003112 aYOPDYOG a813 Mir L aMIRA, W aLimbah dosacMira W. aCet. 3 aJakartabGramedia Pustaka Utamac1998 a426 hlm.c18 cm aFiksi - Indonesia aYOPDYOG a40751-PD/A.10b1